000 00301nam a2200133 i 4500
001 bg
100 1 _aZIENTARA, Wojciech.
245 0 _aJęzyk Atari XL/XE.
_nCz.2 /
_cH.Zientara.
260 _aWarszawa.
040 _cBPK
041 _apol
942 _cKS
008 s pl f |000 0 pol
999 _c29094
_d29094
856 _uhttp://koha.tu.koszalin.pl/cgi-bin/koha/opac-detail.pl?biblionumber=29094
_yKatalog online BPK